000 00679nam a2200193Ia 4500
999 _c36893
_d36893
001 2844
003 GE_BSU
005 20221027150022.0
008 181216s? ru xx |||||||||||||| ||rus||
040 _cGE_BSU
041 _arus
080 _a28 Ж-56
245 _aЖенщина в Исламе и в иудео-христианском мире(мифы и реальность) /
_cШериф Абдезим, доктор философии королевского университета
264 _cKингстон,
_b?
300 _a37 с.:
_b20 см.
653 _aЖенщина в Исламе
653 _aქალი ისლამში
942 _cBK
_2udc